000
00234nam a22000857a 4500
008
160706b xxu||||| |||| 00| 0 eng d
100
_9
2330
_a
Eastern, H
245
_a
The Life of Swami Vivekanatha
260
_a
Calcutta
_b
Advaita Ashrama
_c
1979
999
_c
2008
_d
2008